000 00303nam a22001337a 4500
999 _c15368
_d15368
020 _a9788184231175
082 _a894.812 3
_bBEN/AA
100 _aBenyamin
_93043
245 _aAatujeevitham
260 _aThrissur
_bGreen Books
_c2017
300 _a208
650 _aMalayalam Fiction
_93040
942 _cBK